Statistics for Danish monarchs

Click here to take the quiz!

General Stats

  • This quiz has been taken 30 times
    (26 since last reset)
  • The average score is 28 of 54

Answer Stats

AnswerReign% Correct
Gorm the Old? - 958
78%
Christian I1448 - 1481
61%
Christian II1513 - 1523
61%
Christian III1534 - 1559
61%
Christian IV1588 - 1648
61%
Christian IX1863 - 1906
61%
Christian V1670 - 1699
61%
Christian VI1730 - 1746
61%
Christian VII1766 - 1808
61%
Christian VIII1839 - 1848
61%
Christian X1912 - 1947
61%
Frederick I1523 - 1533
61%
Frederick II1559 - 1588
61%
Frederick III1648 - 1670
61%
Frederick IV1699 - 1730
61%
Frederick IX1947 - 1972
61%
Frederick V1746 - 1766
61%
Frederick VI1808 - 1839
(Crown Prince Regent
from 1784)
61%
Frederick VII1848 - 1863
61%
Frederick VIII1906 - 1912
61%
Christopher I1252 - 1259
56%
Eric I Evergood1095 - 1103
56%
Eric III Lamb1137 - 1146
56%
Eric II the Memorable1134 - 1137
56%
Eric IV Plowpenny1241 - 1250
56%
Margaret I1387 - 1412
56%
Margaret II1972 - present
56%
Valdemar I the Great1154 - 1182
(disputed until 1157)
56%
Canute III Harthacanute1035 - 1042
50%
Canute II the Great1018 - 1035
50%
Eric VII of Pomerania1412 - 1439
50%
Eric VI Menved1286 - 1319
50%
Eric V Klipping1259 - 1286
50%
Harald I Bluetooth958 - 987
50%
Niels1104 - 1134
50%
Valdemar III1326 - 1329
50%
Valdemar II the Victorious1202 - 1241
50%
Valdemar IV Atterdag1340 - 1375
50%
Christopher II Lackland1329 - 1332
(second time)
44%
Christopher II Lackland1319 - 1326
(first time)
44%
John1481 - 1513
44%
Magnus the Good1042 - 1047
44%
Abel1250 - 1252
39%
Olaf I Hunger1086 - 1095
39%
Olaf II1375 - 1387
39%
Sweyn I Forkbeard987 - 1014
39%
Canute IV the Holy1080 - 1086
33%
Canute V1146 - 1157
(disputed)
33%
Christopher III of Bavaria1440 - 1448
33%
Harald II1014 - 1018
33%
Harald III the Soft1076 - 1080
33%
Sweyn II Estridsson1047 - 1076
33%
Sweyn III Grathe1146 - 1157
(disputed)
33%
Canute VI1182 - 1202
28%

Score Distribution

Percentile by Number Answered

Percent of People with Each Score

Your Score History

You have not taken this quiz since the last reset